000 00937cab a2200181 4500
001 L129995
008 050613n2005 000 0 eng u
035 _a(Sirsi) u129995
041 _aeng
100 _aHunt, Tristram
245 _aGreen Belts - a celebration
260 _c2005
490 _aCountryside Voice
_vSummer 2005, 42-45(3)
520 _aProvides a brief history of green belts from Ebenezer Howard and the Garden City movement, to present day. Considers the green belt system, encircling English cities and establishing boundaries between rural and urban, to have been a successful planning template. Describes the numerous assaults on the green belts across England since their inception and makes a plea for preserving them as much for the benefit of the cities as the countryside. Maps show the locations of England's green belts.
590 _aIKA040705
690 _aPlanning and development
_96259
942 _n0
999 _c75382
_d75382